00500nam a2200121 a 450000500170000000800410001705000130005824500520007126000370012350000950016099900190025595201040027420140513081053.0090911s19uu xx 00 eng d aKitb3 M a3 Mr. Men and Little Miss /cHangreaves, Roger. aU.S.A :bOttenheimer pub,c1980. aStories on LP Cassette. Titles: Little miss troble, Little miss naughty, little miss late. c116403d116403 001040aELbELcKITd2009-09-11eLib. Fundl0oKit 3 MpE400r2014-05-13 00:00:00w2014-05-13yKIT